00000000nam##2200000za#4500
0019.560968
003CaOODSP
00520210929082752
007cr |||||||||||
008150406|2006||||xxc|||||o    f|0| 0 eng|d
020 |a0-662-43897-3
022 |a1705-5792
040 |aCaOODSP|beng
043 |an-cn---
0861 |aFo113-1/27-2006E-PDF
1101 |aCanada. |bNatural Resources Canada. |bCanadian Forest Service.
24510|aUncovering the postglacial history of conifer populations |h[electronic resource]
260 |bNatural Resources Canada. |c2006.
4901 |aBranching out from the Canadian Forest Service, Laurentian Forestry Centre |x1705-5792|vNo. 27
500 |aThe catalogue number (Fo113-1/27-2006E) and ISBN (0-662-43896-5) for the print edition have been incorrectly copied in this PDF edition.
5203 |aA publication intended for forestry stakeholders and people interested in forestry which presents a popularized overview of current research and projects at the Laurentian Forestry Centre (LFC) of the Canadian Forest Service (CFS).
590 |a07-10|b2007-03-09
69007|aForests|2gcpds
69007|aGeology|2gcpds
69007|aGlaciers|2gcpds
7102 |aPartenariat Innovation Forêt.
77508|tDes glaciers à la forêt : les conifères dévoilent leurs origines |w(CaOODSP)9.593608
7760#|tUncovering the postglacial history of conifer populations |w(CaOODSP)9.617950
830#0|aBranching out from the Canadian Forest Service, Laurentian Forestry Centre,|x1705-5792|vNo. 27|w(CaOODSP)9.504686
85640|ahttp://publications.gc.ca|qPDF|s939 KB|uhttps://publications.gc.ca/collections/Collection/Fo113-1-27-2006E.pdf|yNo. 27